Chiến lược kinh doanh & kế hoạch hóa nội bộ doanh nghiệp
Đã lưu trong:
| 主要作者: | |
|---|---|
| 格式: | 圖書 |
| 語言: | Undetermined |
| 出版: |
Hà Nội
Khoa học Kỹ thuật
2005
|
| 主題: | |
| 標簽: |
添加標簽
沒有標簽, 成為第一個標記此記錄!
|
| Thư viện lưu trữ: | Trung tâm Học liệu Trường Đại học Cần Thơ |
|---|
| LEADER | 00618nam a2200193Ia 4500 | ||
|---|---|---|---|
| 001 | CTU_93550 | ||
| 008 | 210402s9999 xx 000 0 und d | ||
| 020 | |c 15000 | ||
| 082 | |a 658.401 | ||
| 082 | |b Th502 | ||
| 100 | |a Phan, Thị Ngọc Thuận | ||
| 245 | 0 | |a Chiến lược kinh doanh & kế hoạch hóa nội bộ doanh nghiệp | |
| 245 | 0 | |c Phan Thị Ngọc Thuận | |
| 260 | |a Hà Nội | ||
| 260 | |b Khoa học Kỹ thuật | ||
| 260 | |c 2005 | ||
| 650 | |a Industrial management,Strategic planning | ||
| 904 | |i Mai Loan | ||
| 980 | |a Trung tâm Học liệu Trường Đại học Cần Thơ | ||